000 00355nam a22001457a 4500
008 210309b ||||| |||| 00| 0 eng d
020 _a9780471595526
041 _aeng
080 _26th
_a33
082 _233
100 _a59
101 _aBIZ
245 _aAgricultural Economics and Agribusiness
_cGail L.Cramer , Clarence W.Jensen
942 _2udc
_cBK
999 _c56031
_d56031